000 00749nam a22002297a 4500
005 20150224123256.0
008 140714b xxu||||| |||| 00| 0 Urdu d
010 _aUR-8672
020 q _c175.00
020 _c9789350733066
035 _aU-7227
037 _bDBAD/Pub.
040 _aDPL
_bUrdu
082 _a841
100 _aجا و يد نسيمی
245 _a‎خو ا ب آسما نو ن کے :شعر ی مجمو عہ
_cجا و يد نسيمی
246 _aKhwab Aasmano ke (Poetry)
_bBy Dr. Javed Naseemi
260 _aد ھلی
_bEducational Publishing House
_c2014
270 _a3108,Vakeel Street,Kucha Pandit,Lal Kuan
_b.Delhi
_e110006
300 _a176ص
_c22Cm (Hb)
942 _2ddc
_cUR
_e
_h841
_mج ا و
999 _c91802
_d91802